000 01110nam a2200277 i 4500
003 CSPC
005 20260316144024.0
008 260316c2003 ph r j i 00 0 eng d
022 _a1655-1591
040 _aCSPC
_beng
_cCSPC
_erda
245 0 0 _aCamarines sur polytechnic colleges Nabua, Camarines Sur graduate school research journal.
264 1 _aNabua Camarines Sur :
_bCamarines Sur Polytechnic Colleges,
_c2003.
300 _avolumes :
_billustrations ;
_c21 cm.
336 _2rdacontent
_atext
337 _2rdamedia
_aunmediated
338 _2rdacarrier
_avolumes
362 _aVolume 4, Number 1
504 _aIncludes bibliographical references
650 4 _2Research
_aUniversities and colleges
_xPeriodicals
_zPhilippines
650 4 _aGraduate students
_xPeriodicals
650 4 _aMultidisciplinary research
_xPeriodicals
650 4 _aCamarines Sur Polytechnic Colleges
_xPeriodicals
700 1 _aIlarde, Monsito G.,
_eeditor.
942 _2ddc
_n0
_cSERIALS
_h001.305
_iC140
_kSER
_m2003
999 _c32067
_d32067